Catholic University of Zimbabwe Library
Online Public Access Catalogue
(OPAC)

Inspiring progress : (Record no. 5860)

MARC details
000 -LEADER
fixed length control field 01122cam a22003014a 4500
001 - CONTROL NUMBER
control field 0000006105
005 - DATE AND TIME OF LATEST TRANSACTION
control field 20170406121233.0
008 - FIXED-LENGTH DATA ELEMENTS--GENERAL INFORMATION
fixed length control field 061117s2006 nyua b 001 0 eng
010 ## - LIBRARY OF CONGRESS CONTROL NUMBER
LC control number 2006286192
020 ## - INTERNATIONAL STANDARD BOOK NUMBER
International Standard Book Number 9780393328325 (pbk.)
020 ## - INTERNATIONAL STANDARD BOOK NUMBER
International Standard Book Number 0393328325 (pbk.)
040 ## - CATALOGING SOURCE
Original cataloging agency DLC
Transcribing agency DLC
Modifying agency DLC
050 00 - LIBRARY OF CONGRESS CALL NUMBER
Classification number HC79.E5
Item number G333 2006
082 00 - DEWEY DECIMAL CLASSIFICATION NUMBER
Classification number 201/.77
Edition number 22
100 1# - MAIN ENTRY--PERSONAL NAME
Personal name Gardner, Gary T.,
Dates associated with a name 1958-.
245 10 - TITLE STATEMENT
Title Inspiring progress :
Remainder of title religions' contributions to sustainable development /
Statement of responsibility, etc. Gary T. Gardner.
260 ## - PUBLICATION, DISTRIBUTION, ETC.
Place of publication, distribution, etc. New York :
Name of publisher, distributor, etc. W.W. Norton,
Date of publication, distribution, etc. c2006.
300 ## - PHYSICAL DESCRIPTION
Extent x, 209 p. :
Other physical details ill. ;
Dimensions 21 cm.
490 0# - SERIES STATEMENT
Series statement "A Worldwatch book"--Cover.
500 ## - GENERAL NOTE
General note "Appendix -- Organizations working on sustainable development issues" [annotated and with web addresses] : p. [167]-172.
504 ## - BIBLIOGRAPHY, ETC. NOTE
Bibliography, etc. note Includes bibliographical references and index.
650 #0 - SUBJECT ADDED ENTRY--TOPICAL TERM
Topical term or geographic name entry element Sustainable development
General subdivision Religious aspects.
650 #0 - SUBJECT ADDED ENTRY--TOPICAL TERM
Topical term or geographic name entry element Nature
General subdivision Religious aspects.
650 #0 - SUBJECT ADDED ENTRY--TOPICAL TERM
Topical term or geographic name entry element Human ecology
General subdivision Religious aspects.
650 #0 - SUBJECT ADDED ENTRY--TOPICAL TERM
Topical term or geographic name entry element Environmentalism
General subdivision Religious aspects.
710 2# - ADDED ENTRY--CORPORATE NAME
Corporate name or jurisdiction name as entry element Worldwatch Institute.
908 ## - PUT COMMAND PARAMETER (RLIN)
Put command parameter 151117
Holdings
Withdrawn status Lost status Source of classification or shelving scheme Damaged status Not for loan Home library Current library Shelving location Date acquired Total Checkouts Total Renewals Full call number Barcode Date last seen Date last checked out Copy number Price effective from Koha item type
          CUZ Harare Campus CUZ Harare Campus Open Shelf 06.04.2017 2 1 HC 79.E5 G333 BK0007847 22.05.2025 14.05.2018 CU13327 06.04.2017 OS Book

OPENING HOURS

Weekdays: 0815hrs - 1800hrs
Weekends:0900hrs - 1200hrs

Closed for Mass:

Mon, Thur: 1200hrs - 1300hrs
Sunday & Public Holiday’s

CALL SUPPORT

0242-570570, 0242-570169
09200664, +263 8644140602

LOCATION

18443, Cranborne Avenue, Hatfield, Harare

Other Links


©2021 | CUZ Library